<?xml version="1.0" encoding="UTF-8"?>
<record
    xmlns:xsi="http://www.w3.org/2001/XMLSchema-instance"
    xsi:schemaLocation="http://www.loc.gov/MARC21/slim http://www.loc.gov/standards/marcxml/schema/MARC21slim.xsd"
    xmlns="http://www.loc.gov/MARC21/slim">

  <leader>01801cam a22002415i 4500</leader>
  <controlfield tag="001">24053234</controlfield>
  <controlfield tag="005">20250408081435.0</controlfield>
  <controlfield tag="008">250306s2025    nyu           000 0 eng  </controlfield>
  <datafield tag="010" ind1=" " ind2=" ">
    <subfield code="a">  2025933569</subfield>
  </datafield>
  <datafield tag="020" ind1=" " ind2=" ">
    <subfield code="a">9781398619555</subfield>
  </datafield>
  <datafield tag="040" ind1=" " ind2=" ">
    <subfield code="a">DLC</subfield>
    <subfield code="b">eng</subfield>
    <subfield code="e">rda</subfield>
    <subfield code="c">DLC</subfield>
  </datafield>
  <datafield tag="041" ind1=" " ind2=" ">
    <subfield code="a">eng</subfield>
  </datafield>
  <datafield tag="042" ind1=" " ind2=" ">
    <subfield code="a">pcc</subfield>
  </datafield>
  <datafield tag="050" ind1=" " ind2=" ">
    <subfield code="a">HD30.28</subfield>
    <subfield code="b">2025</subfield>
  </datafield>
  <datafield tag="100" ind1=" " ind2=" ">
    <subfield code="a">Marr, Bernard</subfield>
    <subfield code="e">author</subfield>
    <subfield code="9">5438</subfield>
  </datafield>
  <datafield tag="245" ind1="1" ind2="0">
    <subfield code="a">AI strategy</subfield>
    <subfield code="b">: unleash the power of artificial intelligence in your business</subfield>
    <subfield code="c">/ Bernard Marr.</subfield>
  </datafield>
  <datafield tag="250" ind1=" " ind2=" ">
    <subfield code="a">First edition.</subfield>
  </datafield>
  <datafield tag="260" ind1=" " ind2=" ">
    <subfield code="a">New York :</subfield>
    <subfield code="b">Kogan Page,</subfield>
    <subfield code="c">2025.</subfield>
  </datafield>
  <datafield tag="300" ind1=" " ind2=" ">
    <subfield code="a">xi, 312 pages ;</subfield>
    <subfield code="c">24 cm.</subfield>
  </datafield>
  <datafield tag="520" ind1=" " ind2=" ">
    <subfield code="a">With the rapid adoption of AI across all industries, it is vital that leaders ensure their organizations remain competitive and innovative. Bestselling author and futurist, Bernard Marr, provides a comprehensive overview of AI's impact on the business world and covers multiple dimensions of AI implementation. Providing leaders with the tools to harness the advantages of AI and manage its complexities, this book shows how to develop a practical blueprint and provides the strategic insights needed to succeed in the rapidly-changing world affected by AI. AI Strategy shows business leaders how to rapidly scale their AI strategy. It addresses the essential issues affecting every part of a business, from ethics, data management, compliancy and security to upskilling employees, risk management and upgrading existing technology infrastructure. Featuring real-world examples of AI strategy being applied across multiple organizations and industries, from energy, healthcare and education to marketing and HR, this book is the must-read guide to getting any business ready to unleash the power of AI.</subfield>
  </datafield>
  <datafield tag="650" ind1=" " ind2="0">
    <subfield code="a">Artificial intelligence</subfield>
    <subfield code="x">Business applications</subfield>
    <subfield code="9">25125</subfield>
  </datafield>
  <datafield tag="942" ind1=" " ind2=" ">
    <subfield code="2">lcc</subfield>
  </datafield>
  <datafield tag="952" ind1=" " ind2=" ">
    <subfield code="0">0</subfield>
    <subfield code="1">0</subfield>
    <subfield code="2">ddc</subfield>
    <subfield code="4">0</subfield>
    <subfield code="7">0</subfield>
    <subfield code="a">TBS</subfield>
    <subfield code="b">TBS</subfield>
    <subfield code="d">2025-04-08</subfield>
    <subfield code="l">0</subfield>
    <subfield code="o">HD30.28 MAR</subfield>
    <subfield code="p">B05901</subfield>
    <subfield code="r">2025-04-08</subfield>
    <subfield code="t">1</subfield>
    <subfield code="w">2025-04-08</subfield>
    <subfield code="y">1</subfield>
  </datafield>
  <datafield tag="999" ind1=" " ind2=" ">
    <subfield code="c">4629</subfield>
    <subfield code="d">4629</subfield>
  </datafield>
</record>
